| 000 | 00344nam a2200133Ia 4500 | ||
|---|---|---|---|
| 005 | 20260328101516.0 | ||
| 008 | 260328s9999||||xx |||||||||||||| ||und|| | ||
| 100 | _aVon Salis, Arnold | ||
| 245 | 0 |
_aEl Arte de los Griegos / _cArnold Von Salis |
|
| 260 | _bRevista de Occidente Argentina | ||
| 300 | _a369 p. | ||
| 650 | _aANTIGUEDAD | ||
| 942 | _cBK | ||
| 999 |
_c9396 _d9396 |
||